|
|
|
|
| LEADER |
00842pam a22002291a 4500 |
| 001 |
4734093 |
| 003 |
GR-PaULI |
| 005 |
20240112100509.0 |
| 008 |
850103s1985 mau 000 0 eng |
| 010 |
|
|
|a 84028782
|
| 020 |
|
|
|a 0571130291
|c
|
| 020 |
|
|
|z 0571131315
|c
|
| 040 |
|
|
|a DLC
|c DLC
|d DLC
|b gre
|e AACR2
|
| 082 |
0 |
4 |
|a 828.912 09
|2 23
|
| 100 |
1 |
|
|a Smith, Stevie,
|d 1902-1971
|9 201623
|e συγγραφέας.
|
| 245 |
1 |
0 |
|a Stevie Smith :
|b a selection /
|c edited by Hermione Lee.
|
| 260 |
|
|
|a Boston :
|b Faber and Faber,
|c 1985.
|
| 300 |
|
|
|a 224 σ. ;
|c 21 εκ.
|
| 700 |
1 |
|
|a Lee, Hermione
|e επιμελήτρια.
|9 80194
|
| 942 |
|
|
|2 ddc
|c BK
|
| 952 |
|
|
|0 0
|1 0
|2 ddc
|4 0
|6 828_912000000000000_09_SMI
|7 0
|9 376384
|a LISP
|b LISP
|c BSC
|d 2024-01-12
|i 263307
|l 0
|o 828.912 09 SMI
|p 025000305894
|r 2024-01-12 00:00:00
|t 1
|w 2024-01-12
|y BK15
|
| 999 |
|
|
|c 219221
|d 219221
|